Теоретико-методологические аспекты подхода открытых инноваций: сущность, формы, инструменты, модель; Экономика и предпринимательство; № 12, ч. 3, (53-3)
| Parent link: | Экономика и предпринимательство: научный журнал.— , 2007- № 12, ч. 3, (53-3).— 2014.— [С. 705-711] |
|---|---|
| Autor principal: | |
| Autor Corporativo: | |
| Resumo: | Заглавие с экрана В статье раскрыта сущность «открытых инноваций» и предпосылки развития от крытых подходов к управлению инновационными процессами. Представлена авторская позиция отно сительно новизны «открытых инноваций». Обоснован широкий и узкий подход к пониманию «открытых инноваций», систематизированы и раскрыты их организационные формы и инструменты, на основе чего предложена графическая модель подхода открытых инноваций. The article deals with nature of «open innovation» and development background of open approaches to innovation processes management. Author''s position about novelty of «open innovation» is proposed. Wide and a narrow approach to the understanding of «open innovation» are justified, their organizational forms and tools are systematized and described, based on what graphical model of open innovation approach isproposed. Режим доступа: по договору с организацией-держателем ресурса |
| Idioma: | russo |
| Publicado em: |
2014
|
| Assuntos: | |
| Acesso em linha: | http://elibrary.ru/item.asp?id=22998448 |
| Formato: | Recurso Electrónico Capítulo de Livro |
| KOHA link: | https://koha.lib.tpu.ru/cgi-bin/koha/opac-detail.pl?biblionumber=645281 |
MARC
| LEADER | 00000nla0a2200000 4500 | ||
|---|---|---|---|
| 001 | 645281 | ||
| 005 | 20250321134639.0 | ||
| 035 | |a (RuTPU)RU\TPU\network\10365 | ||
| 090 | |a 645281 | ||
| 100 | |a 20151215d2014 k||y0rusy50 ca | ||
| 101 | 0 | |a rus | |
| 102 | |a RU | ||
| 135 | |a drcn ---uucaa | ||
| 181 | 0 | |a i | |
| 182 | 0 | |a b | |
| 200 | 1 | |a Теоретико-методологические аспекты подхода открытых инноваций: сущность, формы, инструменты, модель |d Theoretical and methodological aspects of the open innovation approach: nature, forms, tools, model |f Ю. С. Бурец | |
| 203 | |a Текст |c электронный | ||
| 300 | |a Заглавие с экрана | ||
| 320 | |a [Библиогр.: с. 711 (22 назв.)] | ||
| 330 | |a В статье раскрыта сущность «открытых инноваций» и предпосылки развития от крытых подходов к управлению инновационными процессами. Представлена авторская позиция отно сительно новизны «открытых инноваций». Обоснован широкий и узкий подход к пониманию «открытых инноваций», систематизированы и раскрыты их организационные формы и инструменты, на основе чего предложена графическая модель подхода открытых инноваций. | ||
| 330 | |a The article deals with nature of «open innovation» and development background of open approaches to innovation processes management. Author''s position about novelty of «open innovation» is proposed. Wide and a narrow approach to the understanding of «open innovation» are justified, their organizational forms and tools are systematized and described, based on what graphical model of open innovation approach isproposed. | ||
| 333 | |a Режим доступа: по договору с организацией-держателем ресурса | ||
| 461 | |t Экономика и предпринимательство |o научный журнал |d 2007- | ||
| 463 | |t № 12, ч. 3, (53-3) |v [С. 705-711] |d 2014 | ||
| 510 | 1 | |a Theoretical and methodological aspects of the open innovation approach: nature, forms, tools, model |z eng | |
| 610 | 1 | |a электронный ресурс | |
| 610 | 1 | |a труды учёных ТПУ | |
| 610 | 1 | |a инновации | |
| 610 | 1 | |a инновационные процессы | |
| 610 | 1 | |a инструменты | |
| 610 | 1 | |a формы | |
| 610 | 1 | |a открытые инновации | |
| 700 | 1 | |a Бурец |b Ю. С. |c экономист |c ассистент Томского политехнического университета |f 1990- |g Юлия Сергеевна |3 (RuTPU)RU\TPU\pers\35714 | |
| 712 | 0 | 2 | |a Национальный исследовательский Томский политехнический университет (ТПУ) |b Институт социально-гуманитарных технологий (ИСГТ) |b Кафедра менеджмента (МЕН) |3 (RuTPU)RU\TPU\col\18855 |
| 801 | 2 | |a RU |b 63413507 |c 20151215 |g RCR | |
| 856 | 4 | |u http://elibrary.ru/item.asp?id=22998448 | |
| 942 | |c CF | ||